[Event "CHN-ch Gp-B"]
[Site "Liaocheng"]
[Date "2024.04.24"]
[Round "7"]
[White "Ren, Yibai"]
[Black "Li, Haoyu"]
[Result "1/2-1/2"]
[WhiteElo "1755"]
[BlackElo "2233"]
[PlyCount "62"]
[EventDate "2024.04.21"]
[EventType "swiss"]
[EventRounds "11"]
[EventCountry "CHN"]
[SourceTitle "CB18_2024"]
[SourceDate "2024.05.01"]
[SourceVersion "1"]
[SourceVersionDate "2024.05.01"]
[SourceQuality "2"]

1. e4 e5 2. Nf3 Nc6 3. Bb5 a6 4. Ba4 Nf6 5. 0-0 Be7 6. d3 b5 7. Bb3 0-0 8. Re1 d6 9. Bd2 Bb7 10. a4 h6 11. h3 Re8 12. axb5 axb5 13. Nc3 Na7 14. Ra5 b4 15. Nd5 Nxd5 16. exd5 c5 17. Qa1 Nb5 18. Rxa8 Qxa8 19. Ba4 Qa5 20. c4 bxc3 21. Bxb5 Qxb5 22. bxc3 Ra8 23. Qc1 Bf8 24. c4 Qd7 25. Qb2 Bc8 26. Ra1 Rxa1+ 27. Qxa1 Qf5 28. Qb1 Qg6 29. Kh2 Bf5 30. Ne1 h5 31. Be3 h4 1/2-1/2

[Event "CHN-chT"]
[Site "Qingdao"]
[Date "2024.04.03"]
[Round "2.4"]
[White "Ren, Yibai"]
[Black "Cong, Dingzhou"]
[Result "1-0"]
[WhiteElo "1755"]
[BlackElo "1756"]
[PlyCount "53"]
[EventDate "2024.04.02"]
[EventType "team-swiss"]
[EventRounds "9"]
[EventCountry "CHN"]
[SourceTitle "CB16_2024"]
[SourceDate "2024.04.17"]
[SourceVersion "1"]
[SourceVersionDate "2024.04.17"]
[SourceQuality "1"]
[WhiteTeam "Guangdong"]
[BlackTeam "Hangzhou"]
[WhiteTeamCountry "CHN"]
[BlackTeamCountry "CHN"]

1. e4 c5 2. Nf3 Nc6 3. d4 cxd4 4. Nxd4 Nf6 5. Nc3 e5 6. Ndb5 d6 7. Bg5 a6 8. Na3 b5 9. Nab1 Be7 10. Bxf6 Bxf6 11. a4 b4 12. Nd5 0-0 13. Bc4 Bg5 14. 0-0 Qa5 15. c3 Be6 16. Qd3 Rfb8 17. b3 Qc5 18. Bxa6 bxc3 19. Bc4 Nb4 20. Qxc3 Nxd5 21. exd5 Bxd5 22. Bxd5 Qxd5 23. b4 Qe4 24. b5 Rxa4 25. Qc7 Raa8 26. Nc3 Qb4 27. Qb7 1-0

[Event "CHN-ch U16"]
[Site "Shanghai"]
[Date "2024.02.18"]
[Round "5"]
[White "Yang, Siyuan"]
[Black "Ren, Yibai"]
[Result "1-0"]
[WhiteElo "1901"]
[BlackElo "1584"]
[PlyCount "91"]
[EventDate "2024.02.16"]
[EventType "swiss"]
[EventRounds "11"]
[EventCountry "CHN"]
[SourceTitle "CB09_2024"]
[SourceDate "2024.02.28"]
[SourceVersion "1"]
[SourceVersionDate "2024.02.28"]
[SourceQuality "1"]

1. Nf3 Nf6 2. d4 g6 3. Nbd2 c5 4. dxc5 Qa5 5. a3 Qxc5 6. b4 Qc7 7. Bb2 Bg7 8. e3 0-0 9. c4 d6 10. Rc1 Nbd7 11. Be2 b6 12. 0-0 Bb7 13. Nb3 Rac8 14. Bd4 Qb8 15. a4 Bc6 16. a5 bxa5 17. b5 Bxf3 18. Bxf3 e5 19. Bc3 Rxc4 20. Bc6 Qc7 21. Bxa5 Rxc1 22. Bxc7 Rxd1 23. Rxd1 d5 24. Ra1 Nb8 25. Bxe5 Nxc6 26. bxc6 Rc8 27. Nd4 Ne4 28. Bxg7 Kxg7 29. f3 Nd6 30. Rxa7 Nf5 31. Nxf5+ gxf5 32. c7 Kf6 33. Kf2 Ke5 34. Ra6 Rxc7 35. Ra8 f4 36. Re8+ Kf5 37. e4+ dxe4 38. fxe4+ Kg5 39. Re5+ Kg6 40. Rf5 Rc3 41. Rxf4 f6 42. Rg4+ Kf7 43. Rg3 Rc7 44. Kf3 Ke6 45. Kf4 Ra7 46. Rh3 1-0

[Event "CHN-ch U16"]
[Site "Shanghai"]
[Date "2024.02.17"]
[Round "3"]
[White "Wang, Ruiqi"]
[Black "Ren, Yibai"]
[Result "0-1"]
[WhiteElo "1139"]
[BlackElo "1584"]
[PlyCount "56"]
[EventDate "2024.02.16"]
[EventType "swiss"]
[EventRounds "11"]
[EventCountry "CHN"]
[SourceTitle "CB09_2024"]
[SourceDate "2024.02.28"]
[SourceVersion "1"]
[SourceVersionDate "2024.02.28"]
[SourceQuality "1"]

1. d4 Nf6 2. c4 g6 3. Nf3 Bg7 4. Nc3 d5 5. cxd5 Nxd5 6. g3 c5 7. e3 cxd4 8. Nxd4 Nxc3 9. bxc3 0-0 10. Bb2 e5 11. Nb3 Qb6 12. Bg2 Rd8 13. Qe2 Be6 14. 0-0 Nc6 15. c4 Nb4 16. c5 Qc7 17. Ba3 Nd3 18. Be4 Bc4 19. Qc2 Bb5 20. Rfd1 Qd7 21. Nc1 Ba4 22. Nb3 Bb5 23. c6 bxc6 24. Nc1 Qg4 25. Bxd3 e4 26. Be2 Rxd1+ 27. Bxd1 Qh3 28. Rb1 Qf1# 0-1

[Event "Hong Kong op"]
[Site "Hong Kong"]
[Date "2023.12.29"]
[Round "9"]
[White "Ren, Yibai"]
[Black "Wang, Cong"]
[Result "1-0"]
[WhiteElo "1453"]
[BlackElo "1945"]
[PlyCount "91"]
[EventDate "2023.12.24"]
[EventType "swiss"]
[EventRounds "9"]
[EventCountry "HKG"]
[SourceTitle "CB01_2024"]
[SourceDate "2024.01.03"]
[SourceVersion "1"]
[SourceVersionDate "2024.01.03"]
[SourceQuality "1"]

1. e4 e5 2. Nf3 Nc6 3. Bb5 a6 4. Ba4 Nf6 5. 0-0 Be7 6. d3 b5 7. Bb3 0-0 8. h3 d6 9. Bd2 a5 10. a4 b4 11. Be3 Be6 12. c3 Rb8 13. Bxe6 fxe6 14. Nbd2 d5 15. Qc2 Bd6 16. d4 Qe8 17. dxe5 Bxe5 18. Nxe5 Nxe5 19. cxb4 axb4 20. Qxc7 Ng6 21. exd5 Nxd5 22. Qg3 Nxe3 23. Qxe3 Nf4 24. g3 Qg6 25. Kh2 Nd3 26. b3 Rbc8 27. Nc4 Rc5 28. Rad1 Rd5 29. Rd2 Qf5 30. a5 Ne5 31. Nxe5 Rxe5 32. Qb6 Rxa5 33. Qxb4 Rb5 34. Qc4 Rfb8 35. Re1 Rxb3 36. Rxe6 Kf8 37. Red6 R3b7 38. R6d4 g5 39. Rd5 Qc8 40. Qa6 Kf7 41. Qh6 Qh8 42. Qh5+ Ke6 43. Qxg5 Rb6 44. Qf5+ Ke7 45. Rd7+ Ke8 46. Qf7# 1-0

[Event "Hong Kong op"]
[Site "Hong Kong"]
[Date "2023.12.25"]
[Round "3"]
[White "Liu, Meng"]
[Black "Ren, Yibai"]
[Result "1/2-1/2"]
[WhiteElo "1763"]
[BlackElo "1453"]
[PlyCount "64"]
[EventDate "2023.12.24"]
[EventType "swiss"]
[EventRounds "9"]
[EventCountry "HKG"]
[SourceTitle "CB01_2024"]
[SourceDate "2024.01.03"]
[SourceVersion "1"]
[SourceVersionDate "2024.01.03"]
[SourceQuality "1"]

1. Nf3 Nf6 2. c4 g6 3. Nc3 d5 4. cxd5 Nxd5 5. h4 Nxc3 6. dxc3 Qxd1+ 7. Kxd1 f6 8. e4 e5 9. Bc4 Bc5 10. Ke2 a5 11. a4 h5 12. Ne1 Ke7 13. f3 Nc6 14. Nc2 Nd8 15. g3 c6 16. b3 Bd7 17. Ne1 Ne6 18. Nd3 Bd6 19. Be3 Nc7 20. Bb6 f5 21. Nc5 fxe4 22. fxe4 Bg4+ 23. Ke3 Rhb8 24. Rhf1 Ne6 25. b4 axb4 26. cxb4 Bxc5+ 27. bxc5 Rf8 28. a5 Nd4 29. Bc7 Kd7 30. Bd6 Rxf1 31. Rxf1 Be6 32. Bxe6+ Kxe6 1/2-1/2

[Event "Belt and Road op-B 3rd"]
[Site "Qinhuangdao"]
[Date "2023.11.24"]
[Round "9"]
[White "Wang, Zihao"]
[Black "Ren, Yibai"]
[Result "1/2-1/2"]
[WhiteElo "1811"]
[BlackElo "1339"]
[PlyCount "60"]
[EventDate "2023.11.19"]
[EventType "swiss"]
[EventRounds "9"]
[EventCountry "CHN"]
[SourceTitle "CB49_2023"]
[SourceDate "2023.12.06"]
[SourceVersion "1"]
[SourceVersionDate "2023.12.06"]
[SourceQuality "1"]

1. d4 Nf6 2. Bg5 d5 3. Nd2 c5 4. e3 Qb6 5. Ngf3 Ne4 6. dxc5 Qxb2 7. Nxe4 dxe4 8. Qd4 Qxd4 9. Nxd4 a6 10. Bf4 e6 11. Bxb8 Rxb8 12. Rb1 Bxc5 13. Bxa6 0-0 14. 0-0 e5 15. Ne2 Ra8 16. Bxb7 Bxb7 17. Rxb7 Rxa2 18. Nc3 Rxc2 19. Nxe4 Rc8 20. Ng5 h6 21. Nf3 Bd6 22. Rd7 Bb8 23. g3 g6 24. Rd5 R2c5 25. Rfd1 Kg7 26. Rd7 Rc1 27. Rxc1 Rxc1+ 28. Kg2 Rc5 29. Nd2 Rc7 30. Rxc7 Bxc7 1/2-1/2

[Event "Belt and Road op-B 3rd"]
[Site "Qinhuangdao"]
[Date "2023.11.22"]
[Round "6"]
[White "Zhou, Dongguang"]
[Black "Ren, Yibai"]
[Result "0-1"]
[WhiteElo "1622"]
[BlackElo "1339"]
[PlyCount "74"]
[EventDate "2023.11.19"]
[EventType "swiss"]
[EventRounds "9"]
[EventCountry "CHN"]
[SourceTitle "CB49_2023"]
[SourceDate "2023.12.06"]
[SourceVersion "1"]
[SourceVersionDate "2023.12.06"]
[SourceQuality "1"]

1. c3 c5 2. d4 cxd4 3. cxd4 d5 4. Nf3 Nf6 5. Nc3 Nc6 6. g3 g6 7. Bg2 Bg7 8. 0-0 Ne4 9. e3 Nxc3 10. bxc3 0-0 11. c4 dxc4 12. Qa4 e5 13. Qxc4 Be6 14. Qb5 exd4 15. exd4 Nxd4 16. Nxd4 Qxd4 17. Ba3 Bc4 18. Qxb7 Bxf1 19. Rxf1 Rfd8 20. Be7 Rab8 21. Qf3 Re8 22. Bg5 Qc4 23. Bf4 Be5 24. Bxe5 Rxe5 25. Qa3 a5 26. Qd6 Rbe8 27. Bf3 Re1 28. Bg2 Qxa2 29. Bd5 Rxf1+ 30. Kxf1 Qe2+ 31. Kg2 Qe5 32. Qd7 Re7 33. Qd8+ Kg7 34. f4 Qe2+ 35. Kh3 Qh5+ 36. Kg2 Re2+ 37. Kf1 Rd2 0-1

[Event "Tianjin Binhai Cup-B 3rd"]
[Site "Tianjin"]
[Date "2023.08.24"]
[Round "8"]
[White "Wang, Bingfei"]
[Black "Ren, Yibai"]
[Result "1-0"]
[WhiteElo "1623"]
[BlackElo "1243"]
[PlyCount "105"]
[EventDate "2023.08.20"]
[EventType "swiss"]
[EventRounds "9"]
[EventCountry "CHN"]
[SourceTitle "EXT 2024"]
[Source "ChessBase"]
[SourceDate "2023.10.10"]
[SourceVersion "1"]
[SourceVersionDate "2023.10.10"]
[SourceQuality "1"]

1. d4 Nf6 2. Nf3 g6 3. e3 Bg7 4. b3 c5 5. Bb2 cxd4 6. Bxd4 Nc6 7. Bb2 0-0 8. Nbd2 d5 9. Be2 Qc7 10. 0-0 Rd8 11. c4 Bg4 12. cxd5 Rxd5 13. Qc2 Rad8 14. Rfd1 e5 15. h3 Bxf3 16. Nxf3 e4 17. Bxf6 Rxd1+ 18. Rxd1 Rxd1+ 19. Bxd1 Bxf6 20. Qxe4 Qd6 21. Be2 Kg7 22. Bc4 h5 23. g3 a6 24. a4 Qd7 25. Kg2 Ne7 26. Qd3 Qc7 27. h4 Nc6 28. Qe4 Qd7 29. Qd5 Qe7 30. Bxa6 bxa6 31. Qxc6 a5 32. Qd5 Bc3 33. Nd4 Qf6 34. Nc6 Be1 35. Qd4 Bc3 36. Qxf6+ Kxf6 37. Kf3 Ke6 38. Nd4+ Kd5 39. Nc2 f5 40. Ke2 Bf6 41. Kd3 Be7 42. Nd4 Bb4 43. Nc2 Be7 44. Ne1 Kc5 45. Ng2 g5 46. hxg5 Bxg5 47. Nh4 Kb4 48. Kc2 f4 49. exf4 Be7 50. Ng6 Bc5 51. Ne5 Ka3 52. f5 Be7 53. Nd7 1-0

[Event "Tianjin Binhai Cup-B 3rd"]
[Site "Tianjin"]
[Date "2023.08.20"]
[Round "2"]
[White "Liu, Haoling"]
[Black "Ren, Yibai"]
[Result "1-0"]
[WhiteElo "1709"]
[BlackElo "1243"]
[PlyCount "41"]
[EventDate "2023.08.20"]
[EventType "swiss"]
[EventRounds "9"]
[EventCountry "CHN"]
[SourceTitle "EXT 2024"]
[Source "ChessBase"]
[SourceDate "2023.10.10"]
[SourceVersion "1"]
[SourceVersionDate "2023.10.10"]
[SourceQuality "1"]

1. d4 Nf6 2. Nf3 g6 3. e3 Bg7 4. Nbd2 d5 5. b3 0-0 6. Bb2 c5 7. dxc5 Qa5 8. c4 Qxc5 9. Rc1 Nc6 10. cxd5 Qxd5 11. Bc4 Qa5 12. a3 Bf5 13. b4 Qb6 14. 0-0 Rad8 15. Qe2 a6 16. e4 Nxe4 17. Bxg7 Nxd2 18. Bxf8 Nxc4 19. Qxc4 Bd3 20. Qc3 e5 21. Rfd1 1-0

[Event "CHN-ch U14"]
[Site "Shenzhen"]
[Date "2023.07.29"]
[Round "4"]
[White "Ren, Yibai"]
[Black "Cheng, Zihan"]
[Result "0-1"]
[WhiteElo "1243"]
[BlackElo "1822"]
[PlyCount "66"]
[EventDate "2023.07.28"]
[EventType "swiss"]
[EventRounds "11"]
[EventCountry "CHN"]
[SourceTitle "CBM 215 Extra"]
[Source "ChessBase"]
[SourceDate "2023.09.30"]
[SourceVersion "1"]
[SourceVersionDate "2023.09.30"]
[SourceQuality "1"]

1. e4 c5 2. Nf3 d6 3. d4 cxd4 4. Nxd4 Nf6 5. Nc3 a6 6. f3 e5 7. Nb3 Be6 8. Be3 b5 9. Qd2 Qc7 10. a4 bxa4 11. Nxa4 Nbd7 12. Nc3 Bc4 13. Nb5 Qc8 14. Na7 Qc7 15. Nb5 Qc8 16. Bxc4 Qxc4 17. Qa5 Rc8 18. Qxa6 d5 19. Na5 Qxc2 20. Rc1 Bb4+ 21. Nc3 Rxc3 22. bxc3 Qxg2 23. Rg1 Qxf3 24. Rg3 Qh1+ 25. Bg1 Bxa5 26. Qxa5 0-0 27. exd5 Ne4 28. Rg4 Ndf6 29. Rxe4 Qxg1+ 30. Kd2 Nxe4+ 31. Kc2 Qxh2+ 32. Kb3 Rb8+ 33. Ka3 Qb2+ 0-1

[Event "CHN-chT"]
[Site "Nanjing"]
[Date "2023.02.22"]
[Round "9.3"]
[White "Ren, Yibai"]
[Black "Mi, Tenglong"]
[Result "0-1"]
[WhiteElo "1207"]
[BlackElo "1832"]
[PlyCount "110"]
[EventDate "2023.02.14"]
[EventType "team-swiss"]
[EventRounds "9"]
[EventCountry "CHN"]
[SourceTitle "CBM 212 Extra"]
[Source "ChessBase"]
[SourceDate "2023.03.31"]
[SourceVersion "1"]
[SourceVersionDate "2023.03.31"]
[SourceQuality "1"]
[WhiteTeam "Shenzhen"]
[BlackTeam "Hebei"]
[WhiteTeamCountry "CHN"]
[BlackTeamCountry "CHN"]

1. e4 c5 2. Nf3 d6 3. d4 cxd4 4. Nxd4 Nf6 5. Nc3 g6 6. Be3 Bg7 7. f3 Nc6 8. Qd2 0-0 9. Bc4 Bd7 10. h4 h5 11. g4 hxg4 12. Nxc6 bxc6 13. h5 Nxh5 14. Bh6 Qa5 15. 0-0-0 g3 16. Bxg7 Kxg7 17. f4 Qc5 18. Be2 g2 19. Rhg1 Qf2 20. Bxh5 Qxd2+ 21. Rxd2 gxh5 22. f5 Kf6 23. Rdxg2 Rh8 24. Nd1 Ke5 25. Nf2 Rae8 26. Kd2 Bc8 27. Rh2 d5 28. exd5 cxd5 29. Rg5 h4 30. f6+ Kxf6 31. Rxd5 Bf5 32. Rd4 h3 33. Rf4 e5 34. Rf3 e4 35. Rg3 Ke5 36. Ke3 Rh4 37. Rg5 Reh8 38. c4 R8h7 39. b4 f6 40. Rg8 Be6 41. Rb8 Bxc4 42. a4 f5 43. Re8+ Be6 44. b5 Rc7 45. a5 Rc5 46. Re7 Rxb5 47. Rxa7 f4+ 48. Ke2 Rb2+ 49. Ke1 Rb1+ 50. Nd1 Bb3 51. Rd7 Ra1 52. a6 Bxd1 53. Rxd1 Rxa6 54. Rb1 f3 55. Kf2 Kf4 0-1

[Event "CHN-chT"]
[Site "Nanjing"]
[Date "2023.02.19"]
[Round "6.3"]
[White "Chen, Zhi"]
[Black "Ren, Yibai"]
[Result "1-0"]
[WhiteElo "1921"]
[BlackElo "1207"]
[PlyCount "99"]
[EventDate "2023.02.14"]
[EventType "team-swiss"]
[EventRounds "9"]
[EventCountry "CHN"]
[SourceTitle "CBM 212 Extra"]
[Source "ChessBase"]
[SourceDate "2023.03.31"]
[SourceVersion "1"]
[SourceVersionDate "2023.03.31"]
[SourceQuality "1"]
[WhiteTeam "Zhejiang"]
[BlackTeam "Shenzhen"]
[WhiteTeamCountry "CHN"]
[BlackTeamCountry "CHN"]

1. e4 c5 2. Nf3 d6 3. d4 cxd4 4. Qxd4 Nc6 5. Bb5 Bd7 6. Qd3 Nf6 7. Nc3 g6 8. 0-0 Bg7 9. Bf4 0-0 10. Rad1 a6 11. Bxc6 Bxc6 12. Rfe1 Rc8 13. Nd4 Nd7 14. Nxc6 Rxc6 15. Nd5 Nc5 16. Qg3 Ne6 17. c3 Nxf4 18. Qxf4 Be5 19. Qe3 a5 20. Qa7 Qd7 21. Qxa5 Ra6 22. Qb4 e6 23. f4 exd5 24. fxe5 dxe5 25. Rxd5 Qc7 26. a4 Qb6+ 27. Qxb6 Rxb6 28. b4 Rc8 29. Re3 Rbc6 30. Rxe5 Rxc3 31. Rxc3 Rxc3 32. Rb5 Rc7 33. Kf2 Kg7 34. Rb6 Kf8 35. a5 Ke7 36. Ke3 Kd7 37. Kd4 Ke7 38. b5 h6 39. Kd5 h5 40. a6 bxa6 41. bxa6 Rc1 42. a7 Ra1 43. Rb7+ Kf6 44. e5+ Kg5 45. Rxf7 Rd1+ 46. Kc6 Rc1+ 47. Kb7 Rb1+ 48. Kc8 Rc1+ 49. Kb8 Rb1+ 50. Rb7 1-0

[Event "CHN-chT"]
[Site "Nanjing"]
[Date "2023.02.14"]
[Round "1.3"]
[White "Nie, Xinyang"]
[Black "Ren, Yibai"]
[Result "1-0"]
[WhiteElo "2360"]
[BlackElo "1207"]
[PlyCount "59"]
[EventDate "2023.02.14"]
[EventType "team-swiss"]
[EventRounds "9"]
[EventCountry "CHN"]
[SourceTitle "CBM 212 Extra"]
[Source "ChessBase"]
[SourceDate "2023.03.31"]
[SourceVersion "1"]
[SourceVersionDate "2023.03.31"]
[SourceQuality "1"]
[WhiteTeam "Chongqing"]
[BlackTeam "Shenzhen"]
[WhiteTeamCountry "CHN"]
[BlackTeamCountry "CHN"]

1. c4 Nf6 2. Nc3 d5 3. cxd5 Nxd5 4. Nf3 g6 5. h4 Bg7 6. h5 Nxc3 7. bxc3 c5 8. e4 Nc6 9. Rb1 Qc7 10. Bc4 e6 11. Bb2 Ne5 12. Nxe5 Qxe5 13. Bb5+ Bd7 14. Bxd7+ Kxd7 15. Qe2 Qd6 16. 0-0 b6 17. d4 Qc6 18. Rfd1 Kc7 19. Qf3 f5 20. Qg3+ Qd6 21. e5 Qe7 22. d5 exd5 23. Rxd5 Rad8 24. c4 g5 25. h6 Bxh6 26. e6+ f4 27. Qa3 Rxd5 28. cxd5 Ra8 29. Be5+ Kb7 30. d6 1-0

[Event "CHN-chB"]
[Site "Qiziwan"]
[Date "2023.02.01"]
[Round "6"]
[White "Wang, Xiaozhi"]
[Black "Ren, Yibai"]
[Result "1-0"]
[WhiteElo "1793"]
[BlackElo "1207"]
[PlyCount "117"]
[EventDate "2023.01.30"]
[EventType "swiss"]
[EventRounds "11"]
[EventCountry "CHN"]
[SourceTitle "CBM 212 Extra"]
[Source "ChessBase"]
[SourceDate "2023.03.31"]
[SourceVersion "1"]
[SourceVersionDate "2023.03.31"]
[SourceQuality "1"]

1. d4 Nf6 2. Bg5 Ne4 3. h4 h6 4. Bf4 d5 5. Nd2 c5 6. Nxe4 dxe4 7. e3 e6 8. c3 Nc6 9. Bc4 cxd4 10. exd4 Bd6 11. Bxd6 Qxd6 12. Qg4 0-0 13. Qxe4 b6 14. Nf3 Bb7 15. Bd3 f5 16. Qe2 Rad8 17. 0-0-0 Kh8 18. Rhe1 Rfe8 19. Kb1 Rc8 20. Bb5 a6 21. Bxc6 Qxc6 22. Qd2 Qa4 23. b3 Qa5 24. c4 Qxd2 25. Rxd2 Bxf3 26. gxf3 Rcd8 27. f4 Kg8 28. Re5 Kf7 29. Kc2 Rd6 30. d5 exd5 31. Rdxd5 Ree6 32. Rxf5+ Kg6 33. h5+ Kh7 34. Rxd6 Rxd6 35. Rd5 Re6 36. Kd3 g6 37. f5 gxf5 38. Rxf5 Kg7 39. f4 Rd6+ 40. Rd5 Rc6 41. Kd4 Kf6 42. b4 Re6 43. c5 bxc5+ 44. bxc5 Re1 45. c6 Rc1 46. Rc5 Rd1+ 47. Ke4 Re1+ 48. Kf3 Re8 49. c7 Rc8 50. Ke4 Ke6 51. f5+ Kd7 52. Kf4 Kd6 53. Rc1 Kd7 54. Ke5 Re8+ 55. Kf6 Kc8 56. Kg6 Rf8 57. f6 Rg8+ 58. Kxh6 Rh8+ 59. Kg6 1-0